Moviendo los marcos del patriarcado : (Record no. 192653)
[ view plain ]
| 000 -LEADER | |
|---|---|
| campo de control de longitud fija | 01490nam a2200421 i 4500 |
| 001 - NÚMERO DE CONTROL | |
| campo de control | 192653 |
| 003 - IDENTIFICADOR DE NÚMERO DE CONTROL | |
| campo de control | SpMaBN |
| 005 - FECHA Y HORA DE LA ÚLTIMA TRANSACCIÓN | |
| campo de control | 20250819170109.0 |
| 007 - CAMPO FIJO DE DESCRIPCIÓN FÍSICA--INFORMACIÓN GENERAL | |
| campo de control de longitud fija | ta |
| 008 - DATOS DE LONGITUD FIJA--INFORMACIÓN GENERAL | |
| campo de control de longitud fija | 230508s2021 sp | |||| 000 0 spad |
| 015 ## - NÚMERO DE BIBLIOGRAFÍA NACIONAL | |
| Número de bibliografía nacional | MON21 |
| 017 ## - NÚMERO DE COPYRIGHT O DE DEPÓSITO LEGAL | |
| Número de copyright o de depósito legal | M 5527-2021 |
| Agencia que asigna | Oficina Depósito Legal Madrid |
| 020 ## - NÚMERO INTERNACIONAL ESTÁNDAR DEL LIBRO | |
| Número Internacional Estándar del Libro | 9788412260090 |
| 040 ## - FUENTE DE CATALOGACIÓN | |
| Centro catalogador/agencia de origen | SpMaBN |
| Lengua de catalogación | spa |
| Centro/agencia transcriptor | SpMaBN |
| Normas de descripción | rda |
| 080 ## - NÚMERO DE LA CLASIFICACIÓN DECIMAL UNIVERSAL | |
| Número de la Clasificación Decimal Universal | 82 Pardo Bazán, Emilia, Condesa de |
| 080 ## - NÚMERO DE LA CLASIFICACIÓN DECIMAL UNIVERSAL | |
| Número de la Clasificación Decimal Universal | 323.23-055.2 |
| 100 1# - ENTRADA PRINCIPAL--NOMBRE DE PERSONA | |
| Nombre de persona | Aleixandre, Marilar, |
| Fechas asociadas al nombre | 1947- |
| Término indicativo de función/relación | Autor |
| 9 (RLIN) | 174701 |
| 245 10 - MENCIÓN DEL TÍTULO | |
| Título | Moviendo los marcos del patriarcado : |
| Resto del título | el pensamiento feminista de Emilia Pardo Bazán / |
| Mención de responsabilidad, etc. | Marilar Aleixandre y María López-Sández ; traducción al castellano, Marilar Aleixandre |
| 250 ## - MENCION DE EDICION | |
| Mención de edición | Primera edición, 2021 |
| 264 #1 - PRODUCCIÓN, PUBLICACIÓN, DISTRIBUCIÓN, FABRICACIÓN Y COPYRIGHT | |
| Producción, publicación, distribución, fabricación y copyright | [Madrid] |
| Nombre del de productor, editor, distribuidor, fabricante | Ménades, |
| Fecha de producción, publicación, distribución, fabricación o copyright | 2021 |
| 300 ## - DESCRIPCIÓN FÍSICA | |
| Extensión | 202 páginas ; |
| Dimensiones | 21 cm |
| 336 ## - TIPO DE CONTENIDO | |
| Término de tipo de contenido | Texto |
| Fuente | rdacontent |
| 337 ## - TIPO DE MEDIO | |
| Nombre/término del tipo de medio | sin mediación |
| Fuente | rdamedia |
| 338 ## - TIPO DE SOPORTE | |
| Nombre/término del tipo de soporte | volumen |
| Fuente | rdacarrier |
| 490 1# - MENCIÓN DE SERIE | |
| Mención de serie | Trincheras |
| 500 ## - NOTA GENERAL | |
| Nota general | Índice |
| 504 ## - NOTA DE BIBLIOGRAFÍA, ETC. | |
| Nota de bibliografía, etc. | Bibliografía: páginas 191-202 |
| 534 ## - NOTA SOBRE LA VERSIÓN ORIGINAL | |
| Frase introductoria | Traducción de: Movendo os marcos do patriarcado |
| 600 14 - PUNTO DE ACCESO ADICIONAL DE MATERIA--NOMBRE DE PERSONA | |
| Nombre de persona | Pardo Bazán, Emilia, |
| Títulos y otros términos asociados al nombre | Condesa de, |
| Fechas asociadas al nombre | 1851-1921 |
| 9 (RLIN) | 176434 |
| 650 #7 - PUNTO DE ACCESO ADICIONAL DE MATERIA--TÉRMINO DE MATERIA | |
| Término de materia o nombre geográfico como elemento de entrada | Feminismo |
| Fuente del encabezamiento o término | embne |
| 9 (RLIN) | 12744 |
| 700 ## - ENTRADA AGREGADA--NOMBRE PERSONAL | |
| Nombre de persona | López Sández, María, |
| Fechas asociadas al nombre | 1973- |
| 9 (RLIN) | 176435 |
| Término indicativo de función/relación | Autor |
| 830 1# - PUNTO DE ACCESO ADICIONAL DE SERIE-TÍTULO UNIFORME | |
| Título uniforme | Trincheras |
| 9 (RLIN) | 193619 |
| 852 ## - LOCALIZACIÓN | |
| Ubicación | Es-MaACL |
| Sublocalización o colección | R.153078 |
| Número de control de estantería | N-8272 |
| Ubicación en estantería | Depósito J |
| Donativo/Legado | Donación: Editorial |
| itemnumber | 199949 |
| 942 ## - ELEMENTOS DE ENTRADA SECUNDARIOS (KOHA) | |
| Suprimir en OPAC | No |
| Tipo de ítem Koha | Libro impreso |
| Estatus retirado | Estado de pérdida | Fuente del sistema de clasificación o colocación | Estado de daño | No para préstamo | Biblioteca de origen | Biblioteca actual | Ubicación en estantería | Fecha de adquisición | Fuente de adquisición | Total de préstamos | Signatura topográfica completa | Código de barras | Visto por última vez | Tipo de ítem Koha |
|---|---|---|---|---|---|---|---|---|---|---|---|---|---|---|
| Clasificación decimal universal | Biblioteca del Ateneo de Madrid | Biblioteca del Ateneo de Madrid | Depósito J | 06/05/2021 | Donación | N-8272 | 101205290 | 08/05/2023 | Libro impreso |
